000 00646nam a2200193Ia 4500
003 IN-BaIIA
008 211028s9999 xx 000 0 eng d
040 _cIIA Library
080 _a083.7:621.822.7
_bISI
110 _aIndian Standards Institution
245 0 _aIndian standard methods of evaluating static load ratings of rolling bearings
_bpt. 4, thrust roller bearings
_cIndian Standards Institution
260 _aNew Delhi
_bIndian Standards Institution
_c1967
300 _a4p.
500 _aIS 3823 : Part 4 : 1966
650 _a Roller Bearings-Standards
_99134
650 _a Standards 
650 _aNASA Thesaurus 
942 _cBK
999 _c5142
_d5142